000 00391nam a22001697a 4500
003 MPLRDC
005 20220104144003.0
008 210129b ||||| |||| 00| 0 eng d
082 _a831.57 WYQ
100 _a王永祺选编
245 _a元诗别裁集
_c
250 _a初版
260 _a
_b中华书局
_c1977
300 _b
650 _a元诗总集
942 _cBK
_o831.57 WYQ
999 _c45279
_d45269